Excelling in business : (Record no. 1487)
[ view plain ]
| 000 -LEADER | |
|---|---|
| fixed length control field | 00730cam a22002172 4500 |
| 001 - CONTROL NUMBER | |
| control field | 0000001353 |
| 005 - DATE AND TIME OF LATEST TRANSACTION | |
| control field | 20151021152551.0 |
| 008 - FIXED-LENGTH DATA ELEMENTS--GENERAL INFORMATION | |
| fixed length control field | 070305s xx 000 0 eng d |
| 020 ## - INTERNATIONAL STANDARD BOOK NUMBER | |
| International Standard Book Number | 9966967303 : |
| Terms of availability | KES 380 |
| 040 ## - CATALOGING SOURCE | |
| Original cataloging agency | KABU |
| Transcribing agency | KABU |
| 050 #0 - LIBRARY OF CONGRESS CALL NUMBER | |
| Classification number | HB615 |
| Item number | .N34 1999 |
| 100 1# - MAIN ENTRY--PERSONAL NAME | |
| Personal name | Ncebere, Rukunga. |
| -- | 0000150007 |
| 245 10 - TITLE STATEMENT | |
| Title | Excelling in business : |
| Remainder of title | the entrepreneur's handbook / |
| Statement of responsibility, etc. | Rukunga Ncebere. |
| 260 ## - PUBLICATION, DISTRIBUTION, ETC. (IMPRINT) | |
| Place of publication, distribution, etc. | Nairobi : |
| Name of publisher, distributor, etc. | R. N. Publishers, |
| Date of publication, distribution, etc. | 1999. |
| 300 ## - PHYSICAL DESCRIPTION | |
| Extent | 313 p. ; |
| Dimensions | 21 cm. |
| 650 #0 - SUBJECT ADDED ENTRY--TOPICAL TERM | |
| Topical term or geographic name as entry element | Business |
| Geographic subdivision | Kenya. |
| -- | 0000150008 |
| 852 1# - LOCATION | |
| -- | p500 KES |
| 852 1# - LOCATION | |
| -- | p500 KES |
| 908 ## - PUT COMMAND PARAMETER (RLIN) | |
| Put command parameter | 070305 |
| 950 ## - LOCAL HOLDINGS (RLIN) | |
| -- | 1 |
| Withdrawn status | Lost status | Source of classification or shelving scheme | Not for loan | Home library | Current library | Date acquired | Total Checkouts | Full call number | Barcode | Date last seen | Date last checked out | Price effective from | Koha item type | Total Renewals |
|---|---|---|---|---|---|---|---|---|---|---|---|---|---|---|
| Library of Congress Classification | Kabarak, Main Campus | Kabarak, Main Campus | 17/12/2015 | 3 | HB615 .N34 1999 c. 1 | 001157 | 18/09/2025 | 17/09/2025 | 17/12/2015 | General Collection | 2 | |||
| Library of Congress Classification | Kabarak, Main Campus | Kabarak, Main Campus | 17/12/2015 | HB615 .N34 1999 c. 2 | 17/12/2015 | 17/12/2015 | General Collection | |||||||
| Library of Congress Classification | Kabarak, Nakuru City Campus | Kabarak, Nakuru City Campus | 21/10/2015 | 1 | HB615 .N34 1999 c. 1 | 20222 | 18/07/2016 | 25/01/2016 | 21/10/2015 | General Collection | ||||
| Library of Congress Classification | Kabarak, Nakuru City Campus | Kabarak, Nakuru City Campus | 21/10/2015 | 4 | HB615 .N34 1999 c. 2 | 20224 | 29/10/2019 | 26/10/2019 | 21/10/2015 | General Collection |